[Event "Summer Tournament 2015 "]
[Site "SchemingMind.com"]
[Date "2015.06.05"]
[Round "-"]
[White "rookie31"]
[Black "Trevor Brotherton"]
[Result "1/2-1/2"]
[WhiteCountry "IND"]
[BlackCountry "ENG"]
[WhiteElo "2222"]
[WhiteRD "71"]
[BlackElo "2315"]
[BlackRD "97"]
[GameID "381350"]

1. Nf3 Nf6 2. d4 d6 3. c4 g6 4. Nc3 Bg7 5. e4 O-O 6. Be2 e5 7. d5 a5 8. Be3 Ng4 9. Bg5 f6 10. Bd2 Na6
11. h3 Nh6 12. Be3 f5 13. Bg5 Qe8 14. O-O Bd7 15. Bd2 Nc5 16. Qc2 Nf7 17. Be3 f4 18. Bxc5 dxc5 19. Nb5 Qd8 20. Nd2 Bf6
21. Qd3 Kg7 22. Qa3 b6 23. Nb1 a4 24. Qd3 Bxb5 25. cxb5 Nd6 26. Nc3 c4 27. Qc2 Qd7 28. Bg4 Qe8 29. Be2 Qd7 30. Bg4 Qe8
31. Be2 Qd7 32. Bg4
1/2-1/2

[Event "Summer Tournament 2015 "]
[Site "SchemingMind.com"]
[Date "2015.06.04"]
[Round "-"]
[White "Trevor Brotherton"]
[Black "rookie31"]
[Result "1-0"]
[WhiteCountry "ENG"]
[BlackCountry "IND"]
[WhiteElo "2315"]
[WhiteRD "97"]
[BlackElo "2222"]
[BlackRD "71"]
[GameID "381351"]

1. c4 e5 2. g3 Nf6 3. Bg2 d5 4. cxd5 Nxd5 5. Nc3 Nxc3 6. bxc3 Nc6 7. Nf3 Bc5 8. O-O O-O 9. d3 Bb6 10. Qc2 Bg4
11. Ba3 Re8 12. e3 Bf5 13. Rfd1 a6 14. c4 h6 15. c5 Ba7 16. Qb3 Rb8 17. d4 e4 18. Nd2 Na5 19. Qa4 Nc6 20. Rab1 Qd5
21. Rb2 Bd7 22. Qc2 Bf5 23. Rdb1 b5 24. cxb6 cxb6 25. Qc4 Qa5 26. Qxc6 Qxa3 27. Nc4 Qc3 28. Ne5 Rbc8 29. Qb7
1-0

[Event "Summer Tournament 2015 "]
[Site "SchemingMind.com"]
[Date "2015.06.05"]
[Round "-"]
[White "rookie31"]
[Black "John Hamer"]
[Result "1-0"]
[WhiteCountry "IND"]
[BlackCountry "ENG"]
[WhiteElo "2213"]
[WhiteRD "69"]
[BlackElo "2050"]
[BlackRD "62"]
[GameID "381352"]

1. Nf3 Nf6 2. d4 c5 3. d5 e6 4. c4 b5 5. dxe6 fxe6 6. cxb5 Bb7 7. Nc3 Be7 8. Bf4 O-O 9. e3 d5 10. Bd3 c4
11. Bc2 Nbd7 12. O-O Nh5 13. Nd4 Nxf4 14. exf4 Nc5 15. b4 cxb3 16. axb3 Qd6 17. f5 e5 18. Nc6 Bxc6 19. bxc6 d4 20. b4 dxc3
21. Qxd6 Bxd6 22. bxc5 Bxc5= 23. Bb3+ Kh8 24. Be6 g6 25. Rfc1 gxf5 26. Ra4 Rf6 27. Bd7 Rd6 28. Rc4 Bb6 29. Bxf5 Rd2 30. Rf1 Rf8
31. g4
1-0

[Event "Summer Tournament 2015 "]
[Site "SchemingMind.com"]
[Date "2015.06.04"]
[Round "-"]
[White "John Hamer"]
[Black "rookie31"]
[Result "1/2-1/2"]
[WhiteCountry "ENG"]
[BlackCountry "IND"]
[WhiteElo "2050"]
[WhiteRD "62"]
[BlackElo "2213"]
[BlackRD "69"]
[GameID "381353"]

1. c4 e5 2. Nc3 Nf6 3. e3 d5 4. cxd5 Nxd5 5. Nf3 Nc6 6. Bb5 Nxc3 7. bxc3 Bd6 8. d4 e4 9. Nd2 Qg5 10. Bf1 Qg6
11. Qc2 Bf5 12. Rb1 Rb8 13. Rb5 O-O 14. Qb1 b6 15. h4 a6 16. h5 Qf6 17. Rb2 Ba3 18. Rc2 Be7 19. Rb2=
1/2-1/2

[Event "Summer Tournament 2015 "]
[Site "SchemingMind.com"]
[Date "2015.06.04"]
[Round "-"]
[White "rookie31"]
[Black "fanfan_la_Tulipe"]
[Result "1-0"]
[WhiteCountry "IND"]
[BlackCountry "AUT"]
[WhiteElo "2222"]
[WhiteRD "71"]
[BlackElo "2061"]
[BlackRD "71"]
[GameID "381354"]

1. Nf3 Nf6 2. d4 g6 3. g3 Bg7 4. Bg2 O-O 5. c4 d6 6. Nc3 Na6 7. e4 c5 8. d5 Nc7 9. O-O Rb8 10. Qe2 b5
11. cxb5 a6 12. e5 Ng4 13. exd6 exd6 14. a4 axb5 15. axb5 Re8 16. Qc4 Bd7 17. Bg5 f6 18. Bd2 Ne5 19. Nxe5 fxe5 20. Ra5 Na8
21. Rfa1 Nb6 22. Qb3 Qc7 23. Be3 Ra8 24. Ra6 Rab8 25. Ne4 Bc8 26. Ra7 Rb7 27. Rxb7 Bxb7 28. Nxc5
1-0

[Event "Summer Tournament 2015 "]
[Site "SchemingMind.com"]
[Date "2015.06.04"]
[Round "-"]
[White "fanfan_la_Tulipe"]
[Black "rookie31"]
[Result "0-1"]
[WhiteCountry "AUT"]
[BlackCountry "IND"]
[WhiteElo "2070"]
[WhiteRD "72"]
[BlackElo "2234"]
[BlackRD "73"]
[GameID "381355"]

1. f4 d5 2. Nf3 Nf6 3. g3 g6 4. Bg2 Bg7 5. O-O O-O 6. d3 Nc6 7. c3 Qd6 8. Nbd2 Bd7 9. Qe1 Rfe8 10. d4 Rad8
11. e4 dxe4 12. Nxe4 Nxe4 13. Qxe4 Bf5 14. Qe2 Bg4 15. h3 Be6 16. Ne5 Nxe5 17. fxe5 Qd7 18. Kh2 c5 19. dxc5 Qc7 20. Re1 Qxc5
21. Bxb7 Rd7 22. Bf3 Red8 23. Be3 Qxe5 24. Qf2 Qf5 25. g4 Qa5 26. Kg1 Be5 27. a3 Bb3 28. Bc6 Rd6 29. Be4 Rf6 30. Qg2 Qc7
31. Rf1 Re6 32. Rfe1 a5 33. Bf3 a4 34. Re2 Qb8 35. Ree1 Rf6 36. Be4 Qc7 37. Bg5 Re6 38. Be3 Red6 39. Bf3 R6d7 40. Kh1 Bg3
41. Rf1 Rd3 42. Bd4 Bf4 43. Rae1 e5 44. Bg1 Rd2 45. Re2 Rxe2
0-1

[Event "Summer Tournament 2015 "]
[Site "SchemingMind.com"]
[Date "2015.06.04"]
[Round "-"]
[White "rookie31"]
[Black "Stephen Woodhouse"]
[Result "1-0"]
[WhiteCountry "IND"]
[BlackCountry "ENG"]
[WhiteElo "2213"]
[WhiteRD "69"]
[BlackElo "1834"]
[BlackRD "49"]
[GameID "381356"]

1. Nf3 e6 2. d4 d5 3. c4 c5 4. Nc3 Nf6 5. cxd5 exd5 6. g3 Nc6 7. Bg2 Be7 8. O-O O-O 9. dxc5 Bxc5 10. Bg5 d4
11. Bxf6 Qxf6 12. Ne4 Qe7 13. Nxc5 Qxc5 14. Qd2 Bg4 15. Rac1 Qb6 16. Ng5 h6 17. Ne4 Rfd8 18. Nc5 Rac8 19. Rfe1 Rc7 20. Qf4 Bd7
21. Na4 Qa5 22. b4 Qxa4 23. Qxc7
1-0

[Event "Summer Tournament 2015 "]
[Site "SchemingMind.com"]
[Date "2015.06.04"]
[Round "-"]
[White "Stephen Woodhouse"]
[Black "rookie31"]
[Result "0-1"]
[WhiteCountry "ENG"]
[BlackCountry "IND"]
[WhiteElo "1834"]
[WhiteRD "49"]
[BlackElo "2213"]
[BlackRD "69"]
[GameID "381357"]

1. e4 e5 2. Nf3 Nc6 3. d4 exd4 4. Nxd4 Bc5 5. Be3 Qf6 6. c3 Nge7 7. Bc4 O-O 8. O-O d6 9. Nxc6 Nxc6 10. Bxc5 dxc5
11. Nd2 Be6 12. Bxe6 Qxe6 13. Qe2 Rad8 14. a3 Ne5 15. Rad1 c4 16. Nf3 Nd3 17. Nd4 Qe5 18. Nf3 Qb5 19. Rd2 Rfe8 20. Rfd1 Qc6
21. e5 f6 22. Ne1 Rxe5 23. Qf1 Red5 24. Nxd3 Qd6 25. Qe2 Rxd3 26. Rxd3 cxd3 27. Qe4 d2 28. Kf1 Kf7 29. g3 Re8 30. Qf4 Re1+
31. Rxe1 Qd3+
0-1

[Event "Summer Tournament 2015 "]
[Site "SchemingMind.com"]
[Date "2015.06.05"]
[Round "-"]
[White "rookie31"]
[Black "woodpr"]
[Result "1-0"]
[WhiteCountry "IND"]
[BlackCountry "ENG"]
[WhiteElo "2213"]
[WhiteRD "69"]
[BlackElo "1736"]
[BlackRD "140"]
[GameID "381358"]

1. Nf3 Nf6 2. d4 d5 3. c4 e6 4. Nc3 Nc6 5. e3 b6 6. cxd5 exd5 7. Ne5 Nxe5 8. dxe5 Ne4 9. Bb5+ Bd7 10. Qxd5 Nxc3
11. Bxd7+ Qxd7 12. Qxa8+
1-0

[Event "Summer Tournament 2015 "]
[Site "SchemingMind.com"]
[Date "2015.06.05"]
[Round "-"]
[White "woodpr"]
[Black "rookie31"]
[Result "0-1"]
[WhiteCountry "ENG"]
[BlackCountry "IND"]
[WhiteElo "1569"]
[WhiteRD "114"]
[BlackElo "2222"]
[BlackRD "71"]
[GameID "381359"]

1. d4 Nf6 2. Nf3 d5 3. c4 c6 4. Nc3 e6 5. g3 dxc4 6. e4 b5 7. Qc2 Bb7 8. Bg2 Na6 9. O-O Nb4 10. Qe2 Be7
11. e5 Nfd5 12. Nxd5 cxd5 13. a3 Nc6 14. Rb1 O-O 15. Bd2 Qb6 16. Ng5 Nxd4 17. Qh5 h6 18. Nf3 Ne2+ 19. Kh1 d4 20. Nh4 d3
21. Be3 Bxg2+ 22. Kxg2 Bc5 23. Bxh6 gxh6 24. Qxh6 Qc6+ 25. Kh3 Qe4 26. Qg5+ Kh8 27. f4 Rg8 28. Qh6+ Qh7 29. Qxh7+ Kxh7 30. Nf3 Kg6
31. Nh4+ Kh5 32. b4 Bb6 33. f5 c3 34. Nf3 c2 35. Rbe1 Rac8
0-1

[Event "Summer Tournament 2015 "]
[Site "SchemingMind.com"]
[Date "2015.06.07"]
[Round "-"]
[White "Eric111"]
[Black "emvarela"]
[Result "1-0"]
[WhiteCountry "USA"]
[BlackCountry "ARG"]
[WhiteElo "1660"]
[WhiteRD "56"]
[BlackElo "1722"]
[BlackRD "46"]
[GameID "381516"]

1. e4 e5 2. Nf3 Nc6 3. Nc3 Nf6 4. d3 Bb4 5. Bd2 O-O 6. a3 Bxc3 7. Bxc3 d6 8. Be2 Be6 9. O-O a5 10. b4 axb4
11. axb4 Rxa1 12. Qxa1 Qa8 13. Bd2 b6 14. c3 Qb7 15. Qb2 Ra8 16. Ra1 Rxa1+ 17. Qxa1 Qa7 18. Qxa7 Nxa7 19. d4 Nxe4 20. dxe5 Nxd2
21. Nxd2 dxe5 22. Bc4 Bxc4 23. Nxc4 f6 24. Ne3 c5 25. bxc5 bxc5 26. Kf1 Nb5 27. c4 Nc3 28. Ke1 g6 29. g4 Kf7 30. f3 Ke6
31. Kd2 Na4 32. Kd3 f5 33. h3 Nb6 34. h4 f4 35. Ng2 h5 36. gxh5 gxh5 37. Ne1 Kf5 38. Nc2 Na4 39. Ne1 Nb2+ 40. Kc3 Nd1+
41. Kd3 Ne3 42. Kc3 Ng2 43. Nxg2 e4 44. Ne1 exf3 45. Nxf3 Kg4 46. Ne5+ Kxh4 47. Kd3 Kg3 48. Nd7 f3 49. Nxc5 h4 50. Ne4+ Kg2
51. Ke3 h3 52. Nf2 h2 53. c5
1-0

[Event "Summer Tournament 2015 "]
[Site "SchemingMind.com"]
[Date "2015.06.07"]
[Round "-"]
[White "emvarela"]
[Black "Eric111"]
[Result "1-0"]
[WhiteCountry "ARG"]
[BlackCountry "USA"]
[WhiteElo "1741"]
[WhiteRD "50"]
[BlackElo "1619"]
[BlackRD "55"]
[GameID "381517"]

1. e4 e5 2. Nf3 Nc6 3. Bb5 a6 4. Bxc6 dxc6 5. O-O Qd6 6. d3 Nf6 7. Bd2 Be7 8. Nc3 Bg4 9. h3 Be6 10. a3 b5
11. b4 O-O 12. Be3 Qd7 13. d4 exd4 14. Nxd4 Bc4 15. Re1 Rfe8 16. f3 Bd6 17. Nf5 Be5 18. Qxd7 Nxd7 19. Bd4 Bxd4+ 20. Nxd4 c5
21. Nf5 cxb4 22. axb4 g6 23. Ne3 c6 24. Nxc4 bxc4 25. Red1 Red8 26. Rd6 Ne5 27. Rad1 Rxd6 28. Rxd6 Kf8 29. f4 Rb8 30. fxe5 Rxb4
31. Rxc6 Rb2 32. Rc8+ Kg7 33. Rxc4 Rxc2 34. Rc7 Kf8 35. Nd5 Re2 36. Nf6 h5 37. Rc8+ Ke7 38. Re8#
1-0

[Event "Summer Tournament 2015 "]
[Site "SchemingMind.com"]
[Date "2015.06.07"]
[Round "-"]
[White "rookie31"]
[Black "emvarela"]
[Result "1-0"]
[WhiteCountry "IND"]
[BlackCountry "ARG"]
[WhiteElo "2234"]
[WhiteRD "73"]
[BlackElo "1735"]
[BlackRD "50"]
[GameID "381518"]

1. d4 Nf6 2. c4 e6 3. Nf3 d5 4. Nc3 c6 5. e3 Bb4 6. Bd3 Bxc3+ 7. bxc3 O-O 8. Ba3 Re8 9. O-O dxc4 10. Bxc4 b5
11. Bd3 Nbd7 12. Re1 e5 13. dxe5 Ng4 14. e6 fxe6 15. Qc2 Ndf6 16. Ng5 h6 17. Bh7+
1-0

[Event "Summer Tournament 2015 "]
[Site "SchemingMind.com"]
[Date "2015.06.07"]
[Round "-"]
[White "emvarela"]
[Black "rookie31"]
[Result "0-1"]
[WhiteCountry "ARG"]
[BlackCountry "IND"]
[WhiteElo "1735"]
[WhiteRD "50"]
[BlackElo "2234"]
[BlackRD "73"]
[GameID "381519"]

1. e4 e5 2. Nf3 Nc6 3. Bb5 Nf6 4. O-O Bc5 5. Bxc6 dxc6 6. d3 Qe7 7. c3 O-O 8. b4 Bd6 9. Bg5 a5 10. a3 axb4
11. Bxf6 Qxf6 12. cxb4 Bxb4 13. Qb3 Ba5 14. Nc3 Bg4 15. Ne2 Bxf3 16. gxf3 Qxf3 17. Ng3 Bb6 18. Rac1 g6 19. Qc3 h5 20. Qxe5 h4
0-1

[Event "Summer Tournament 2015 "]
[Site "SchemingMind.com"]
[Date "2015.06.07"]
[Round "-"]
[White "emvarela"]
[Black "Trevor Brotherton"]
[Result "0-1"]
[WhiteCountry "ARG"]
[BlackCountry "ENG"]
[WhiteElo "1735"]
[WhiteRD "50"]
[BlackElo "2320"]
[BlackRD "101"]
[GameID "381520"]

1. e4 c5 2. Nf3 e6 3. d4 cxd4 4. Nxd4 a6 5. Nc3 Qc7 6. Be3 Nc6 7. Nxc6 bxc6 8. Bc4 d5 9. exd5 cxd5 10. Bb3 Nf6
11. Ba4+ Bd7 12. Bxd7+ Nxd7 13. O-O Bd6 14. g3 O-O 15. Qg4 Rab8 16. Bh6 Be5 17. Rfe1 f5
0-1

[Event "Summer Tournament 2015 "]
[Site "SchemingMind.com"]
[Date "2015.06.07"]
[Round "-"]
[White "Trevor Brotherton"]
[Black "emvarela"]
[Result "1-0"]
[WhiteCountry "ENG"]
[BlackCountry "ARG"]
[WhiteElo "2320"]
[WhiteRD "101"]
[BlackElo "1735"]
[BlackRD "50"]
[GameID "381521"]

1. c4 Nf6 2. g3 c5 3. Bg2 Nc6 4. Nc3 g6 5. d3 Bg7 6. Bd2 O-O 7. Nf3 a6 8. O-O e6 9. a3 d6 10. Rb1 Qe7
11. Qc1 Bd7 12. Bg5 Rfe8 13. Qf4 e5 14. Qh4 Nd4 15. Nxd4 cxd4 16. Ne4
1-0

[Event "Summer Tournament 2015 "]
[Site "SchemingMind.com"]
[Date "2015.06.07"]
[Round "-"]
[White "emvarela"]
[Black "John Hamer"]
[Result "0-1"]
[WhiteCountry "ARG"]
[BlackCountry "ENG"]
[WhiteElo "1735"]
[WhiteRD "50"]
[BlackElo "2014"]
[BlackRD "60"]
[GameID "381522"]

1. e4 e5 2. Nf3 Nf6 3. Nxe5 d6 4. Nf3 Nxe4 5. d4 d5 6. Bd3 Nc6 7. Be3 Be7 8. Nbd2 Bf5 9. c4 Nxf2 10. Kxf2 Bxd3
11. cxd5 Qxd5 12. Qb3 Qxb3 13. Nxb3 O-O 14. Nc5 Bf5 15. b3 b6 16. Na4 Nb4 17. Ne5 Rfe8 18. Rhc1 f6 19. a3 Nc2 20. Ra2 Nxe3
21. Kxe3 fxe5 22. dxe5 Bg5+
0-1

[Event "Summer Tournament 2015 "]
[Site "SchemingMind.com"]
[Date "2015.06.07"]
[Round "-"]
[White "John Hamer"]
[Black "emvarela"]
[Result "1-0"]
[WhiteCountry "ENG"]
[BlackCountry "ARG"]
[WhiteElo "2014"]
[WhiteRD "60"]
[BlackElo "1735"]
[BlackRD "50"]
[GameID "381523"]

1. d4 Nf6 2. Nf3 d5 3. c4 e6 4. Nc3 c6 5. e3 dxc4 6. Bxc4 Bb4 7. O-O Bxc3 8. bxc3 O-O 9. Ba3 Re8 10. Bd3 Nbd7
11. Bd6 Nb6 12. Be5 h6 13. c4 a6 14. c5 Nbd7 15. Bd6 b6 16. cxb6 Qxb6 17. Rb1 Qd8 18. Qc2 Nb8 19. Bxb8
1-0

[Event "Summer Tournament 2015 "]
[Site "SchemingMind.com"]
[Date "2015.06.07"]
[Round "-"]
[White "emvarela"]
[Black "fanfan_la_Tulipe"]
[Result "0-1"]
[WhiteCountry "ARG"]
[BlackCountry "AUT"]
[WhiteElo "1741"]
[WhiteRD "50"]
[BlackElo "2087"]
[BlackRD "70"]
[GameID "381524"]

1. e4 e5 2. Nf3 Nc6 3. Bb5 a6 4. Bxc6 dxc6 5. O-O Qd6 6. d3 Ne7 7. Nc3 Ng6 8. Bd2 Be7 9. a3 O-O 10. Qe2 Re8
11. Rad1 b5 12. b4 Bb7 13. Be3 Qd7 14. d4 exd4 15. Bxd4 Nf4 16. Qe3 Qg4 17. Ne1 Rad8 18. Qg3 Qxg3 19. fxg3 Ne6 20. Be5 Rxd1
21. Nxd1 c5 22. Nd3 cxb4 23. axb4 Bxe4 24. N1f2 Bxd3 25. Nxd3 c5 26. c3 cxb4 27. cxb4 Rd8 28. Rd1 Bxb4
0-1

[Event "Summer Tournament 2015 "]
[Site "SchemingMind.com"]
[Date "2015.06.07"]
[Round "-"]
[White "fanfan_la_Tulipe"]
[Black "emvarela"]
[Result "1-0"]
[WhiteCountry "AUT"]
[BlackCountry "ARG"]
[WhiteElo "2087"]
[WhiteRD "70"]
[BlackElo "1741"]
[BlackRD "50"]
[GameID "381525"]

1. f4 d5 2. Nf3 c5 3. g3 Nc6 4. Bg2 e6 5. b3 Bd7 6. Bb2 Nf6 7. O-O Be7 8. d3 O-O 9. Nbd2 Qb6 10. e3 Ng4
11. Qe2 Bf6 12. Bxf6 Nxf6 13. Kh1 a5 14. h3 Rfe8 15. Ne5 d4 16. Nxd7 Nxd7 17. e4 e5 18. f5 Ne7 19. Nc4 Qc7 20. a4 g6
21. f6 Nc8 22. g4 Nd6 23. Qd2 Nf8 24. Qh6 Ne6 25. Nxe5 Kh8 26. Nf3 Rg8 27. e5 Ne8 28. Ng5 Qd7 29. Qxh7#
1-0

[Event "Summer Tournament 2015 "]
[Site "SchemingMind.com"]
[Date "2015.06.07"]
[Round "-"]
[White "emvarela"]
[Black "Stephen Woodhouse"]
[Result "1/2-1/2"]
[WhiteCountry "ARG"]
[BlackCountry "ENG"]
[WhiteElo "1740"]
[WhiteRD "48"]
[BlackElo "1872"]
[BlackRD "48"]
[GameID "381526"]

1. e4 e6 2. d4 d5 3. Nc3 Nf6 4. Bg5 dxe4 5. Nxe4 Be7 6. Bxf6 Bxf6 7. Nxf6+ Qxf6 8. Nf3 O-O 9. c3 Nd7 10. Bd3 e5
11. Qc2 h6 12. O-O exd4 13. Nxd4 Ne5 14. Rae1 Nxd3 15. Qxd3 Bd7 16. Re3 Rfe8 17. Rfe1 Rxe3 18. Rxe3 Re8 19. Rxe8+ Bxe8 20. Qe3 Bc6
21. Nxc6 Qxc6 22. Qd4=
1/2-1/2

[Event "Summer Tournament 2015 "]
[Site "SchemingMind.com"]
[Date "2015.06.07"]
[Round "-"]
[White "Stephen Woodhouse"]
[Black "emvarela"]
[Result "1-0"]
[WhiteCountry "ENG"]
[BlackCountry "ARG"]
[WhiteElo "1854"]
[WhiteRD "48"]
[BlackElo "1735"]
[BlackRD "50"]
[GameID "381527"]

1. e4 e5 2. Nf3 Nc6 3. d4 exd4 4. Nxd4 Nxd4 5. Qxd4 Qf6 6. Be3 Qxd4 7. Bxd4 c5 8. Be3 d6 9. Nc3 Bd7 10. O-O-O Nf6
11. f3 O-O-O 12. Bb5 Bxb5 13. Nxb5 a6 14. Nc3 Be7 15. Nd5 Nxd5 16. Rxd5 Rd7 17. Rhd1 Rhd8 18. c4 b6 19. b3 f6 20. Kc2 Kc7
21. a4 Kc6 22. Bc1 b5 23. axb5+ axb5 24. cxb5+ Kxb5 25. Ba3 Kc6 26. Rh5 h6 27. Rhd5 Ra7 28. Bb2 Rb7 29. Bc3 Rdb8 30. Rb1 Rb5
31. b4 cxb4 32. Rxb5 Rxb5 33. Rxb4 Bd8 34. Rxb5 Kxb5 35. Kd3 Bb6 36. g4 Bg1 37. h4 Kc5 38. h5 d5 39. e5 d4 40. exf6 gxf6
41. Bd2 Be3 42. Bxe3 dxe3 43. Kxe3 Kd5 44. Kf4 Ke6 45. Ke4 Kd6 46. Kf5
1-0

[Event "Summer Tournament 2015 "]
[Site "SchemingMind.com"]
[Date "2015.06.07"]
[Round "-"]
[White "emvarela"]
[Black "woodpr"]
[Result "1-0"]
[WhiteCountry "ARG"]
[BlackCountry "ENG"]
[WhiteElo "1722"]
[WhiteRD "46"]
[BlackElo "1529"]
[BlackRD "116"]
[GameID "381528"]

1. e4 e5 2. Nf3 Nf6 3. d4 exd4 4. c3 Nc6 5. Bg5 Be7 6. cxd4 Nxe4 7. Bxe7 Qxe7 8. Qe2 b6 9. Nbd2 Nxd2 10. Qxe7+ Nxe7
11. Kxd2 O-O 12. Bc4 d5 13. Bb3 a5 14. Rac1 a4 15. Bc2 a3 16. b4 Bf5 17. Bxf5 Nxf5 18. Rxc7 f6 19. Rhc1 h5 20. Rd7 Rad8
21. Rxd8 Rxd8 22. Rc6 Rb8 23. Kc3 Kh7 24. Kb3 Ne7 25. Re6 Ng6 26. g3 Kh6 27. Kxa3 Nf8 28. Rd6 Rc8 29. Nh4 Rc2 30. Nf5+ Kh7
31. f4 Rxh2 32. Rxd5 Rd2 33. Rd6 b5 34. Rb6 g6 35. Rxf6 gxf5 36. Rxf8 Rd3+ 37. Kb2 Rxg3 38. Rxf5 Rf3 39. Rxh5+ Kg6 40. Rxb5 Rxf4
41. Kc3 Rf8 42. a4 Kf6 43. a5 Ke6 44. Kc4 Kd6 45. a6 Kc6 46. d5+ Kc7 47. Kc5 Ra8 48. Rb7+ Kc8 49. Kb6 Kd8 50. a7
1-0

[Event "Summer Tournament 2015 "]
[Site "SchemingMind.com"]
[Date "2015.06.07"]
[Round "-"]
[White "woodpr"]
[Black "emvarela"]
[Result "0-1"]
[WhiteCountry "ENG"]
[BlackCountry "ARG"]
[WhiteElo "1529"]
[WhiteRD "116"]
[BlackElo "1722"]
[BlackRD "46"]
[GameID "381529"]

1. d4 Nf6 2. Nc3 d5 3. g3 Nc6 4. Bg2 e6 5. Nf3 Bb4 6. Bd2 Bxc3 7. Bxc3 O-O 8. Qd3 Bd7 9. Nh4 a6 10. O-O-O b5
11. Rdg1 Ng4 12. Be1 Qf6 13. Rf1 g6 14. h3 Nh6 15. c3 Kg7 16. Bd2 Nf5 17. Nxf5+ Qxf5 18. e4 dxe4 19. Bxe4 Qf6 20. f4 Rad8
21. h4 Na5 22. h5 Bc6 23. Rh2 Bxe4 24. Qxe4 Nc4 25. g4 Nxd2 26. Kxd2 c5 27. g5 Qf5 28. Ke3 cxd4+ 29. cxd4 Qxe4+ 30. Kxe4 f5+
31. Ke3 Rd7 32. hxg6 hxg6 33. Rfh1 Kf7 34. Rh7+ Ke8 35. Rxd7 Kxd7 36. Rh7+ Kd6 37. Ra7 Rh8 38. Rxa6+ Kd5 39. Rb6 Rh3+ 40. Kd2 Kxd4
41. Rd6+ Ke4 42. Rxe6+ Kxf4 43. Rxg6 Rh2+ 44. Kc3 b4+ 45. Kb3 Rg2 46. Rg8 Rxg5 47. Rf8 Kg3 48. Rd8 f4 49. Kc2 f3 50. Kd2 Kg2
51. Ke3 f2
0-1